| 000 | 00565nam a2200193 a 4500 | ||
|---|---|---|---|
| 008 | |||
| 049 | _aMAIN | ||
| 090 | _aREF HA4702 | ||
| 110 | _aCentral Census Office | ||
| 245 | 1 | 0 |
_aCensus 1192 : _bprovincial profile, Midlands / _cCentral Statistical office. |
| 260 |
_aHarare : _bCentral statistical office, _c1992. |
||
| 300 |
_a157 p. : _bill. ; _c31 cm. |
||
| 650 | 1 | _aCensus. | |
| 907 |
_a.b10223757 _b14-02-07 _c16-01-07 |
||
| 003 | |||
| 005 | 20230120191420.0 | ||
| 040 | _cNUST | ||
| 942 |
_cBOOKS _kREF HA4702 |
||
| 999 |
_c100743 _d100743 |
||